Statistics for Terry Gilliam Filmography

Click here to take the quiz!

General Stats

  • This quiz has been taken 27 times
    (2 since last reset)
  • The average score is 22 of 81

Answer Stats

TypeYearName% Correct
Film Screenplay1985Brazil
100%
Film Director1985Brazil
100%
Film Cameo1985Brazil
100%
TV Show Writer1969-1974Monty Python's Flying Circus
100%
TV Show Acting Role1969-1974Monty Python's Flying Circus
100%
Film Director199512 Monkeys
50%
Film Director1998Fear and Loathing in Las Vegas
50%
Film Screenplay1998Fear and Loathing in Las Vegas
50%
Film Screenplay1977Jabberwocky
50%
Film Director1977Jabberwocky
50%
Film Cameo1977Jabberwocky
50%
Documentary Appearance2002Lost in La Mancha
50%
Film Director1975Monty Python and the Holy Grail
50%
Film Screenplay1975Monty Python and the Holy Grail
50%
Film Starring Role1975Monty Python and the Holy Grail
50%
Film Screenplay1979Monty Python's Life of Brian
50%
Film Starring Role1979Monty Python's Life of Brian
50%
Video Game1997Monty Python's The Meaning of Life
50%
Film Starring Role1983Monty Python's The Meaning of Life
50%
Film Screenplay1983Monty Python's The Meaning of Life
50%
Commercial2002Secret Tournament
50%
Film Screenplay1988The Adventures of Baron Munchausen
50%
Film Cameo1988The Adventures of Baron Munchausen
50%
Film Director1988The Adventures of Baron Munchausen
50%
Film Director2005The Brothers Grimm
50%
Film Director1991The Fisher King
50%
Film Production2009The Imaginarium of Doctor Parnassus
50%
Film Screenplay2009The Imaginarium of Doctor Parnassus
50%
Film Director2009The Imaginarium of Doctor Parnassus
50%
Film Director2018The Man Who Killed Don Quixote
50%
Film Screenplay2018The Man Who Killed Don Quixote
50%
Film Cameo2018The Man Who Killed Don Quixote
50%
Commercial2002The Rematch
50%
Film Director2013The Zero Theorem
50%
Film Screenplay2005Tideland
50%
Film Director2005Tideland
50%
Film Screenplay1981Time Bandits
50%
Film Production1981Time Bandits
50%
Film Director1981Time Bandits
50%
Film Cameo20139 Month Stretch
0%
Film Starring Role2015Absolutely Anything
0%
Film Starring Role2012A Liar's Autobiography: The Untrue Story of Monty Python's Graham Chapman
0%
Short Film Production2022Amok
0%
Film Screenplay1971And Now for Something Completely Different
0%
Film Starring Role1971And Now for Something Completely Different
0%
TV Show Acting Role1968Broaden Your Mind
0%
TV Show Writer1968Broaden Your Mind
0%
TV Show Writer1968Do Not Adjust Your Set
0%
Documentary Appearance2012For No Good Reason
0%
Documentary Appearance2005Getting Gilliam
0%
Short Film ProductionTBAHallucinaut
0%
Film Cameo2012I Rec U
0%
Film Cameo2015Jupiter Ascending
0%
Film Cameo2006Locked Out
0%
TV Show Writer1968Marty
0%
TV Show Acting Role1968Marty
0%
Short Film Director1974Miracle of Flight
0%
Short Film Screenplay1974Miracle of Flight
0%
Short Film Production1974Miracle of Flight
0%
Film Starring Role1982Monty Python Live at the Hollywood Bowl
0%
Film Screenplay1982Monty Python Live at the Hollywood Bowl
0%
Documentary Appearance2014Monty Python Live (Mostly)
0%
TV Film Screenplay1972Monty Python's Fliegender Zirkus
0%
TV Film Starring Role1972Monty Python's Fliegender Zirkus
0%
Video Game1996Monty Python & the Quest for the Holy Grail
0%
Commercial1987MTV "Boogeyman"
0%
Film Cameo2010Not the Messiah (He's a Very Naughty Boy)
0%
Film Cameo1985Spies Like Us
0%
Short Film Screenplay1979Story Time
0%
Short Film Director1979Story Time
0%
Short Film Acting Role1979Story Time
0%
Documentary AppearanceTBATerry Gilliam: Film Maker
0%
Short Film Director1983The Crimson Permanent Assurance
0%
Short Film Screenplay1983The Crimson Permanent Assurance
0%
Short Film Acting Role1983The Crimson Permanent Assurance
0%
Short Film Director2010The Legend of Hallowdega
0%
Short Film Acting Role2010The Legend of Halowdega
0%
Short Film Acting Role2011The Monster of Nix
0%
Video Game2012The Unfinished Swan
0%
Short Film Director2011The Wholly Family
0%
Short Film Screenplay2011The Wholly Family
0%

Score Distribution

Percentile by Number Answered

Percent of People with Each Score

Your Score History

You have not taken this quiz since the last reset